000 00744nam a2200253Ia 4500
003 OSt
005 20220918165155.0
006 a|||||r|||| 00| 0
007 ta
008 220917b |||||||| |||| 00| 0 eng d
020 _a141281832X (hbk)
_c3238.49
024 _a269,977
037 _b443, 11/02/2013, The Book Seller
_cTextual
040 _aARTS
_cARTS
_beng
041 _2eng
_aeng
082 _aR3, Q1
100 _aLosee John
_923018
245 0 _aTheories of causality
_b From antiquity to the present
260 _aLondon
_bTransaction Pub. UK
_c2011
300 _aviii,210p.
_ccm.
650 _aPHILOSOPHY
942 _hR3, Q1
_cTEXL
_2CC
999 _c128621
_d128621